000 00858cam a22002653a 4500
001 13235
003 PGUSA
005 20140828083302.0
008 040820s2004||||xxu|||||s|||||000 | eng d
040 _aPGUSA
_beng
042 _adc
050 4 _aDT
100 1 _aChilders, Erskine,
_d1870-1922
245 1 0 _aIn the Ranks of the C.I.V.
_h[electronic resource] /
_cErskine Childers
260 _bProject Gutenberg,
_c2004
506 _aPublic domain in the USA.
516 _aElectronic text
653 _aSouth African War, 1899-1902 -- Personal narratives, British
653 _aChilders, Erskine, 1870-1922 -- Diaries
653 _aSouth African War, 1899-1902 -- Campaigns
653 _aGreat Britain. Army. Honourable Artillery Company
830 0 _aProject Gutenberg
_v13235
856 4 0 _uhttp://www.gutenberg.org/ebooks/13235
942 _cEB
999 _c242490
_d242490